Adobe FLEX aplikácia pre správu sieťových služieb

Saved in:
Bibliographic Details
Main Author: Sokol, Juraj, 1982- (Author)
Other Authors: Gese, Augustín, 1945- (Thesis advisor)
Format: Manuscript Book
Language:Slovak
Published: STU v Bratislave MTF UIAM, 2010
Online Access:VAIS
Tags: Add Tag
No Tags, Be the first to tag this record!

MARC

LEADER 00000ntm a22000003a 4500
001 stu206111
005 20160719160233.9
008 100702s2010------------------------slo-d
040 |a STU  |b slo 
041 0 |a slo 
100 1 |a Sokol, Juraj,  |d 1982-  |4 aut  |X 29944  |7 A000029944 
242 0 0 |a Adobe Flex application for managing network services  |y eng 
245 1 |a Adobe FLEX aplikácia pre správu sieťových služieb 
260 |b STU v Bratislave MTF UIAM,  |c 2010 
700 1 |a Gese, Augustín,  |d 1945-  |4 ths  |u M6000  |U MTF Materiálovotechnologická fakulta  |T MTF Ústav aplikovanej informatiky, automatizácie a matematiky  |X 4404  |U M6000  |Y 86  |7 A000004404 
856 4 |a info a plný text  |u http://is.stuba.sk/zp/portal_zp.pl?podrobnosti=75149  |3 VAIS 
996 |c M*DP-9258  |l MMSKP  |s P  |a 0  |w stu206111_0001